Technical analysis applications / (Record no. 345517)

000 -LEADER
fixed length control field 01202 a2200205 4500
020 ## - INTERNATIONAL STANDARD BOOK NUMBER
International Standard Book Number 0071426523
020 ## - INTERNATIONAL STANDARD BOOK NUMBER
International Standard Book Number 9780071426527
082 04 - DEWEY DECIMAL CLASSIFICATION NUMBER
Classification number 332.632042
090 ## - LOCALLY ASSIGNED LC-TYPE CALL NUMBER (OCLC); LOCAL CALL NUMBER (RLIN)
-- 3027
-- 3027
100 1# - MAIN ENTRY--PERSONAL NAME
Personal name Luca, Cornelius.
245 10 - TITLE STATEMENT
Title Technical analysis applications /
Statement of responsibility, etc. Cornelius Luca.
250 ## - EDITION STATEMENT
Edition statement 1st ed.
260 ## - PUBLICATION, DISTRIBUTION, ETC.
Place of publication, distribution, etc. [S.l.] :
Name of publisher, distributor, etc. McGraw-Hill,
Date of publication, distribution, etc. 2004.
300 ## - PHYSICAL DESCRIPTION
Extent 329 p. ;
Dimensions 24 cm.
500 ## - GENERAL NOTE
General note Hardcover.
520 ## - SUMMARY, ETC.
Summary, etc. While investors are naturally curious about the documented successes of technical analysis, many find themselves stymied by the density of most books on the subject. Technical Analysis Applications is one of the first books to make the entire subject cohesive, practical, and understandable. It covers the use of technical analysis in a variety of markets—stocks, futures, bonds, and currencies—and situations, and provides in-depth details on trends and trend patterns, characteristics and uses of popular charts, and much mo
856 ## - ELECTRONIC LOCATION AND ACCESS
Materials specified Amazon.com
Uniform Resource Identifier <a href="http://www.amazon.com/exec/obidos/ASIN/0071426523/chopaconline">http://www.amazon.com/exec/obidos/ASIN/0071426523/chopaconline</a>
856 ## - ELECTRONIC LOCATION AND ACCESS
Materials specified Amazon customer reviews
Uniform Resource Identifier <a href="http://www.chopac.org/cgi-bin/tools/azrev.pl?q=0071426">http://www.chopac.org/cgi-bin/tools/azrev.pl?q=0071426</a>
942 ## - ADDED ENTRY ELEMENTS (KOHA)
Institution code [OBSOLETE] NBS
Koha item type Book
Call number prefix 332.632042 LUC
Holdings
Withdrawn status Lost status Damaged status Not for loan Permanent Location Current Location Date acquired Total Checkouts Total Renewals Full call number Barcode Date last seen Date last checked out Price effective from Koha item type
        Central Library (CL) Central Library (CL) 08/28/2013 1 1 332.632042 LUC NBS7003 02/03/2022 08/08/2017 08/28/2013 Book
© 2023 Central Library, National University of Sciences and Technology. All Rights Reserved.